Pays membres de l'Erasmus - Statistiques

Statistiques générales
  • Ce quiz a été pris 119 fois
  • Le résultat moyen est 30 sur 34
Statistiques - réponses
Pays membres % Correct
France
100%
Espagne
99%
Suède
99%
Norvège
98%
Portugal
98%
Allemagne
97%
Finlande
97%
Italie
97%
Slovaquie
97%
Belgique
95%
Royaume-Uni
95%
Irlande
94%
Pologne
94%
Slovénie
93%
Estonie
92%
Autriche
91%
Croatie
91%
Grèce
91%
Lettonie
91%
Pays-Bas
91%
Danemark
90%
République Tchèque
90%
Lituanie
88%
Bulgarie
86%
Hongrie
86%
Luxembourg
86%
Roumanie
85%
Islande
83%
Serbie
81%
Malte
76%
Turquie
71%
Chypre
65%
Macédoine du Nord
64%
Liechtenstein
57%
Aucun quiz correspondant
Distribution des résultats
% des personnes avec chaque résultat
Percentile par nombre de réponses
Votre historique - résultats
Vous n’avez pas pris ce quiz